00684nam a2200157 a 450000500170000000800410001702000150005804000270007304100080010004400070010808200180011511000550013324502330018826000870042130000180050820191224041726.0140314b1997 sz ||||| |||| 00| 0 spa d a9280507310 aCO-BoIAVH cCO-BoIAVH  aspa asz a346.0482 O56e2 bOrganización Mundial de la Propiedad Intelectual10aTratado de la OMPI sobre derecho de autor (WCT) (1996)bcon las declaraciones concertadas relativas al Tratado adoptadas por la conferencia diplomática y las disposiciones del Convenio de Berna (1971) mencionadas en el Tratado aGinebra (Suiza):bOrganización Mundial de la Propiedad Intelectual OMPI, c1997. a58 páginas.